<?xml version="1.0" encoding="UTF-8"?><?xml-stylesheet type="text/xsl" href="static/style.xsl"?><OAI-PMH xmlns="http://www.openarchives.org/OAI/2.0/" xmlns:xsi="http://www.w3.org/2001/XMLSchema-instance" xsi:schemaLocation="http://www.openarchives.org/OAI/2.0/ http://www.openarchives.org/OAI/2.0/OAI-PMH.xsd"><responseDate>2026-04-27T21:50:46Z</responseDate><request verb="GetRecord" identifier="oai:uvadoc.uva.es:10324/2573" metadataPrefix="marc">https://uvadoc.uva.es/oai/request</request><GetRecord><record><header><identifier>oai:uvadoc.uva.es:10324/2573</identifier><datestamp>2021-06-18T09:17:32Z</datestamp><setSpec>com_10324_38</setSpec><setSpec>col_10324_787</setSpec></header><metadata><record xmlns="http://www.loc.gov/MARC21/slim" xmlns:doc="http://www.lyncode.com/xoai" xmlns:xsi="http://www.w3.org/2001/XMLSchema-instance" xmlns:dcterms="http://purl.org/dc/terms/" xsi:schemaLocation="http://www.loc.gov/MARC21/slim http://www.loc.gov/standards/marcxml/schema/MARC21slim.xsd">
<leader>00925njm 22002777a 4500</leader>
<datafield tag="042" ind1=" " ind2=" ">
<subfield code="a">dc</subfield>
</datafield>
<datafield tag="720" ind1=" " ind2=" ">
<subfield code="a">Petuya Sires, Teresa</subfield>
<subfield code="e">author</subfield>
</datafield>
<datafield tag="260" ind1=" " ind2=" ">
<subfield code="c">2013</subfield>
</datafield>
<datafield tag="520" ind1=" " ind2=" ">
<subfield code="a">La ergoftalmología que es la sociedad de oftalmología laboral, explicación de sus inicios y estudios recientes.Clasificación de la patología ocular en el ámbito laboral, las alteraciones oculars como hiposfagma, ojo seco y conjuntivitis. Y los traumatismos oculares como causticaciones, contusiones, heridas perforantes o no como erosión corneal y cuerpo extraño y lesiones de párpados.La prevención de esta patología se consigue con la aplicación de las reglas ergonómicas tanto a nivel individual como ambiental.</subfield>
</datafield>
<datafield tag="024" ind2=" " ind1="8">
<subfield code="a">http://uvadoc.uva.es/handle/10324/2573</subfield>
</datafield>
<datafield ind1=" " ind2=" " tag="653">
<subfield code="a">Ojo-Enfermedades y defectos</subfield>
</datafield>
<datafield ind1=" " ind2=" " tag="653">
<subfield code="a">Medicina del trabajo</subfield>
</datafield>
<datafield tag="245" ind1="0" ind2="0">
<subfield code="a">Patología ocular en el ámbito laboral</subfield>
</datafield>
</record></metadata></record></GetRecord></OAI-PMH>